1183 1106 1963 1108 1974 1483 1782 1116 1727 1150 1538 1439 1814 1486 1291 1828 1730 1040 1624 1949 1446 1152 1927 1798 1050 1845 1588 1532 1932 1721 1365 1697 1482 1787 1887 1705 1166 1561 1125 1745 1307 1765 1872 1296 1315 1025 1565 1775 1460 1154 1296 1679 1716 1554 1599 1017 1887 1801 1079 1561 1114 1073 1308 1727 1410 1114 1740 1168 1033 1296 1020 1537 1095 1666 1434 1569 1813 1227 1491 1890 1836 1607 1798 1030 1497 1463 1640 1424 1337 1911 1316 1319 1121 1251 1502 1513 1146 1913 1895 BCNSPRNW ULIB Ver.6.0+V

เปลี่ยนเป็นภาษาไทย

Change to English
 แสดงรายละเอียดบรรณานุกรม
  กลับหน้าหลัก

Brief Record : Get Marc (ISO 2709) : E-mail record : QR code < ปิดหน้าต่าง
LEADER : 00000nam 2200000uu 4500
001    13399109820
003     ULIB
008    110411s2542||||th 000 0 tha d
020    9747898594
060 04 WC503^bก514ส 2542
111 2  การสัมมนาระดับชาติเรื่องโรคเอดส์^n(ครั้งที่ 7 :^d2542 :^cกรุงเทพฯ)
245 10 สรุปรายงานการสัมมนาระดับชาติเรื่องโรคเอดส์ ครั้งที่ 7, 21-23 เมษายน 2542 ณ โรงแรมแอมบาสซาเดอร์ กรุงเทพมหานคร /^cบรรณาธิการ, ทองกร ยัณรังษี ... [และคนอื่นๆ]
246 30 โรคเอดส์
260    [นนทบุรี] :^bกองโรคเอดส์ กรมควบคุมโรคติดต่อกระทรวงสาธารณสุข ,^c2542
300    358 หน้า :^bภาพประกอบ ;^c30 ซม.
650  7 กลุ่มอาการภูมิคุ้มกันเสื่อม^vการประชุม
650  7 ภูมิคุ้มกันบกพร่อง^vการประชุม
650  7 เอชไอวี, การติดเชื้อ^vการประชุม
650  7 โรคเอดส์^vการประชุม
700 0  ทองกร ยัณรังษี,^eบรรณาธิการ
710 2  กองโรคเอดส์
710 2  กรมควบคุมโรคติดต่อ.
945    ^p0^l0^i012881
995    ทศพร
999 ^a ใช้งานได้ทุกระบบ
รายการนี้ยังไม่มีแท็ก
คุณยังไม่ได้ล็อกอิน คุณสามารถมีกิจกรรมร่วมกับเว็บไซต์ได้ แต่ต้องล็อกอินก่อน ::
  ล็อกอิน

รายการสื่อสารสนเทศ

ลำดับที่ ประเภท เลขเรียก/บาร์โค้ด สถานที่ สถานะ
- ไม่พบข้อมูล -

BibComment


ยังไม่เคยถูกคอมเมนท์

คอมเมนท์ทรัพยากรรายการนี้
  คอมเมนท์: สรุปรายงานการสัมม..


 Copyright 2026. Bcnsprnw @Library